000 00339 a2200169 4500
001 70750
020 _a8532220576
040 _cAnchieta - Itaigara
100 _aBoulos JĂșnior, Alfredo
240 1 0 _a5 de junho
_lpor
245 1 0 _a5 de junho
300 _a37
362 0 _a1998
440 1 _aFTD
650 4 _aEcologia
942 _cBK
999 _c70750
_d70750